Library Banner

Lessons of Islam (Record no. 96094)

MARC details
000 -LEADER
fixed length control field 00330nam a22001337a 4500
005 - DATE AND TIME OF LATEST TRANSACTION
control field 20180305114142.0
008 - FIXED-LENGTH DATA ELEMENTS--GENERAL INFORMATION
fixed length control field 170801b xxu||||| |||| 00| 0 eng d
040 ## - CATALOGING SOURCE
Transcribing agency PK-LaUMT
082 ## - DEWEY DECIMAL CLASSIFICATION NUMBER
Classification number ZIAC 297
Item number LES-
245 ## - TITLE STATEMENT
Title Lessons of Islam
Statement of responsibility, etc [ ]
260 ## - PUBLICATION, DISTRIBUTION, ETC. (IMPRINT)
Place of publication, distribution, etc Kuwait:
Name of publisher, distributor, etc Scientific Research House
Date of publication, distribution, etc 1989
300 ## - PHYSICAL DESCRIPTION
Extent 334 p
942 ## - ADDED ENTRY ELEMENTS (KOHA)
Koha item type Books
Holdings
Withdrawn status Lost status Damaged status Home library Current library Date acquired Full call number Barcode Date last seen Price effective from Koha item type
      UMT Main Campus UMT Main Campus 2017-08-01 ZIAC 297 LES- 111731 2022-04-29 2017-08-01 Books